Crafting and executing strategy : (Record no. 2277)

MARC details
000 -LEADER
fixed length control field 01084nac a22002531u 4500
010 ## - LIBRARY OF CONGRESS CONTROL NUMBER
LC control number 2004049855
020 ## - INTERNATIONAL STANDARD BOOK NUMBER
International Standard Book Number 0072884444 (alk. paper)
082 00 - DEWEY DECIMAL CLASSIFICATION NUMBER
Classification number 658.4/012
Item number T3711
090 ## - LOCALLY ASSIGNED LC-TYPE CALL NUMBER (OCLC); LOCAL CALL NUMBER (OCLC)
-- 2277
-- 2277
100 ## - MAIN ENTRY--PERSONAL NAME
Personal name Thompson, Arthur A.,
245 10 - TITLE STATEMENT
Title Crafting and executing strategy :
Remainder of title the quest for competitive advantage : concepts and cases /
Statement of responsibility, etc Arthur A. Thompson, Jr., A.J. Strickland III, John E. Gamble.
250 ## - EDITION STATEMENT
Edition statement 14th ed.
260 ## - PUBLICATION, DISTRIBUTION, ETC. (IMPRINT)
Place of publication, distribution, etc New York, N.Y. :
Name of publisher, distributor, etc McGraw-Hill/Irwin,
Date of publication, distribution, etc 2005.
300 ## - PHYSICAL DESCRIPTION
Extent 1 v. (various pagings) :
Other physical details col. ill. ;
Dimensions 27 cm.
500 ## - GENERAL NOTE
General note Rev. ed. of: Strategic management. 13th ed. c2003.
504 ## - BIBLIOGRAPHY, ETC. NOTE
Bibliography, etc Includes bibliographical references and indexes.
650 #0 - SUBJECT ADDED ENTRY--TOPICAL TERM
Topical term or geographic name as entry element Strategic planning.
650 #0 - SUBJECT ADDED ENTRY--TOPICAL TERM
Topical term or geographic name as entry element Strategic planning
Form subdivision Case studies.
700 1# - ADDED ENTRY--PERSONAL NAME
Personal name Strickland, A. J.
Fuller form of name (Alonzo J.)
700 1# - ADDED ENTRY--PERSONAL NAME
Personal name Gamble, John
Fuller form of name (John E.)
700 1# - ADDED ENTRY--PERSONAL NAME
Personal name Thompson, Arthur A.,
Dates associated with a name 1940-
942 ## - ADDED ENTRY ELEMENTS (KOHA)
Item type Book - Borrowing
Call number prefix 658.4T3711
Holdings
Withdrawn status Item status Damaged status Not for loan Home library Current library Shelving location Date acquired Source of acquisition Total Checkouts Total Renewals Full call number Barcode Date last seen Date last borrowed Koha item type
        Central Library Central Library First floor 07/02/2015 Purchase 1 3 658.4 THO 000001865 15/07/2025 26/02/2009 Book - Borrowing